Estudios gramaticales (Record no. 165845)

MARC details
000 -LEADER
campo de control de longitud fija 01002nam a2200229 i 4500
001 - NÚMERO DE CONTROL
campo de control 165845
003 - IDENTIFICADOR DE NÚMERO DE CONTROL
campo de control ES-MaACL
005 - FECHA Y HORA DE LA ÚLTIMA TRANSACCIÓN
campo de control 20250628040021.0
008 - DATOS DE LONGITUD FIJA--INFORMACIÓN GENERAL
campo de control de longitud fija 940301s1885 sp |||| | spa d
040 ## - FUENTE DE CATALOGACIÓN
Centro catalogador/agencia de origen AS
Lengua de catalogación spa
100 1# - ENTRADA PRINCIPAL--NOMBRE DE PERSONA
Nombre de persona Suárez, Marco Fidel,
Fechas asociadas al nombre 1855-1927
9 (RLIN) 132977
245 10 - MENCIÓN DEL TÍTULO
Título Estudios gramaticales
Resto del título : introducción a las obras filológicas de D. Andrés Bello /
Mención de responsabilidad, etc. por Marco Fidel Suárez ; con una advertencia y noticia bibliográfica por Miguel Antonio Caro.
260 ## - PUBLICACIÓN, DISTRIBUCIÓN, ETC.
Lugar de publicación, distribución, etc. Madrid :
Nombre del editor, distribuidor, etc. [s.n.],
Fecha de publicación, distribución, etc. 1885 (
Fabricante Imprenta de A. Pérez Dubrull)
300 ## - DESCRIPCIÓN FÍSICA
Extensión XVI, 382 p. ;
Dimensiones 17 cm.
490 1# - MENCIÓN DE SERIE
Mención de serie Colección de escritores castellanos. Filólogos ;
Designación de volumen o secuencia 26
597 ## - NOTA DE DESCRIPCIÓN FÍSICA
NOTA DE DESCRIPCIÓN FÍSICA Port. a dos tintas, orlada, con grab. xil.
600 14 - PUNTO DE ACCESO ADICIONAL DE MATERIA--NOMBRE DE PERSONA
Nombre de persona Bello, Andrés-
Subdivisión general Crítica e interpretación.
9 (RLIN) 149645
700 1# - ENTRADA AGREGADA--NOMBRE PERSONAL
Nombre de persona Caro, Miguel Antonio,
Fechas asociadas al nombre 1843-1909
9 (RLIN) 35400
830 0# - PUNTO DE ACCESO ADICIONAL DE SERIE-TÍTULO UNIFORME
Título uniforme Colección de escritores castellanos. Filólogos ;
Designación de volumen o secuencia 26
9 (RLIN) 188579
852 ## - LOCALIZACIÓN
Ubicación ES-MaACL
Número de control de estantería F-12483
Nota libre -- Enc. hol.
Holdings
Estatus retirado Estado de pérdida Estado de daño No para préstamo Colección Biblioteca de origen Biblioteca actual Ubicación en estantería Fecha de adquisición Fuente de adquisición Total de préstamos Signatura topográfica completa Código de barras Visto por última vez Precio de reemplazo Tipo de ítem Koha
        Libros del s. XIX Biblioteca del Ateneo de Madrid Biblioteca del Ateneo de Madrid Sala Pecera Planta 2 17/01/2008     F-12483 1173923 23/02/2023 23/02/2023 Libro impreso antiguo